000 00459nam a2200157 i 4500
001 98241
003 ES-MaACL
005 20230906182236.0
007 t|
008 050727s1973 sp ||||1| spa d
100 1 _aMartel Viniegra, Carlos.
_977160
245 1 0 _aAsí es Andalucía y su duende /
_cCarlos Martel.
260 _aMadrid :
_bGráf. Difer,
_c1973.
300 _a83 p., 1 lám. retr. aut. :
_bil. ;
_c21 cm.
852 _aES-MaACL
_jC-55646
_bR.88154
999 _c98241
_d98241